| 000 | 00619nam a2200205 4500 | ||
|---|---|---|---|
| 001 | 113734 | ||
| 003 | ES-MaACL | ||
| 005 | 20230906190006.0 | ||
| 007 | t| | ||
| 008 | 061121s1986 sp r ||||1| spa d | ||
| 020 | _a84-7639-027-0 | ||
| 100 | 1 |
_aPacheco, José Emilio. _988124 |
|
| 245 | 1 | 4 |
_aLas batallas en el desierto / _cJosé Emilio Pacheco. |
| 260 |
_aBarcelona : _bMontesinos, _cD. L. 1986. |
||
| 300 |
_a62 p. ; _c20 cm. |
||
| 490 | 1 |
_aVisio tundali. Contemporáneos ; _v71 |
|
| 830 | 0 |
_aVisio tundali. Contemporáneos ; _v71 _9182782 |
|
| 852 |
_aES-MaACL _jD-421 _bR.114334 |
||
| 999 |
_c113734 _d113734 |
||